Flag Quiz ~1 - Statistics

General Stats
  • This quiz has been taken 17 times
  • The average score is 14 of 15
Answer Stats
Picture Answer % Correct
Belgium
100%
Brazil
100%
Germany
100%
Uk
100%
Usa
100%
Argentina
93%
China
93%
Mexico
93%
Poland
93%
Russia
93%
South africa
93%
Turkey
93%
Bulgaria
87%
India
87%
Wales
87%
No matching quizzes found
Score Distribution
Percent of People with Each Score
Percentile by Number Answered
Your Score History
You have not taken this quiz